000 00340 a2200157 4500
001 153246
040 _cEscola São Tomás de Aquino
100 _aCERVANTES, Miguel de
240 1 0 _aDom Quixote
_lpor
245 1 0 _aDom Quixote
300 _a134
362 0 _a2003
440 1 _aScipione
697 _a*LITERATURA JUVENIL
942 _cBK
999 _c153246
_d153246